000 01578nam a2200265Ia 4500
003 OSt
005 20200804184542.0
008 191128s2002 mx fr 100 0 spa d
020 _a9703200060
040 _aCO-JMCR
_cCO-JMCR
041 0 _aspa
082 0 4 _a343.04 /
_bC749p
_223
111 2 _aCongreso Iberoamericano de Derecho Constitucional
_d(2002 feb. 12-15 :
_cMéxico)
_98396
245 1 0 _aPartidos políticos :
_bdemocracia interna y financiamiento de precampañas /
_cmemoria del VII congreso Iberoamericano de Derecho Constitucional ; María del Pilar Hernández coordinadora
250 _aPrimera edición
260 _aMéxico :
_bUniversidad Nacional Autónoma de México, Instituto de Investigaciones Jurídicas,
_c2002
300 _axii, 376 páginas ;
_c22 cm.
490 0 _aDoctrina Jurídica ;
_v102
505 0 _aHacia una ley federal de Partidos políticos en México -- Las lagunas jurídicas en materia del financiamiento de precampañas políticas en México -- Algunas reflexiones sobre el financiamiento a los partidos políticos en México
520 3 _aEl trabajo colectivo que el lector tiene en sus manos, es producto del debate académico que se sucitó con motivo de uno de los temas nodales del VII Congreso Iberoamericano de Derecho Constitucional, celebrado en esta ciudad capital, partidos políticos.
650 1 4 _aPartidos políticos
_vcongresos, conferencias, etc.
_98397
650 1 4 _aCongresos Democracia
_vcongresos, conferencias, etc.
_98398
700 1 _aHernández, María del Pilar,
_ecoordinadora
_98399
942 _2ddc
_cBK
999 _c3847
_d3847